| LEADER |
01167nam0a2200241 450 |
| 001 |
16868275 |
| 010 |
|
|
|a 978-2-7556-1792-4
|b br.
|d 17
|
| 100 |
|
|
|a 20260513d2026 u u0frey01 ba
|
| 101 |
1 |
|
|a fre
|c eng
|
| 102 |
|
|
|a FR
|
| 200 |
0 |
|
|a After
|f Anna Todd
|g traduit de l'américain par Marie-Christine Tricottet et Eugénie Childlin
|
| 207 |
|
1 |
|a
|
| 210 |
|
|
|a Paris
|c Hugo Roman
|d DL 2015
|
| 215 |
|
|
|a 1 vol. (443 p.)
|d 21 cm
|
| 225 |
1 |
|
|a After
|v saiso
|
| 330 |
|
|
|a Grâce à Zed, Tessa échappe au pire et peut commencer une nouvelle vie indépendante à Seattle. De son côté, Hardin se rapproche de plus en plus de Richard, le père de Tessa, jusqu'à l'héberger dans leur ancien appartement pour l'aider à s'en sortir ! L'occasion parfaite pour prouver qu'il a changé et que, peut-être, il peut devenir quelqu'un de bien. Mais est-ce une manipulation de plus à son actif ?
|
| 461 |
|
0 |
|t After
|v 4
|
| 700 |
|
0 |
|a Todd
|b Anna
|f 1989-....
|4 70
|
| 702 |
|
0 |
|a Tricottet
|b Marie-Christine
|4 730
|
| 702 |
|
0 |
|a Childlin
|b Eugénie
|4 730
|
| 900 |
|
|
|a Roman
|
| 901 |
|
|
|a Adultes
|
| 995 |
|
|
|a Médiathèque
|c Médiathèque
|f 089021863
|h 089021863
|k R TOD 4
|o p
|q a
|r az
|e Médiathèque
|